00937nam a2200253 a 450000100100000000500170001000800410002704000250006808200170009310000290011024500800013925000110021926000440023030000380027449000260031250000530033850000330039150000430042470000360046783000330050304900090053695201210054599900170066600002488520200930023428.0110207s1955 sp ac r 001 0 spa d aDO-SdBNPbspacBNPHU axxxxxbS795e1 aStarkie , Walter F9400013aLa españa de Cisneros /cWalter Starkie ; traducción Alberto de Mestas. a2a ed. aBarcelona, España :bJuventud,c1955. a488 p. :bil., retrs. ;c22.5 cm.1 aGrandes biografías. aIncluye referencia bibliográfica p. [471-482]. aIncluye índice de nombres. aIncluye notas al pie de las páginas.1 aMestas, Alberto de,etr.951075 0aGrandes biografías.911230 aBNGR 001054708MOaGRbGRcCTd2011-02-07iLF1l0oxxxxx S795ep24885-10r2020-06-25w2020-06-25y4ZPréstamo en sala c24378d24378